The Consequences Of Modernity (Record no. 619617)

MARC details
000 -LEADER
fixed length control field 01863nam a22001577a 4500
008 - FIXED-LENGTH DATA ELEMENTS--GENERAL INFORMATION
fixed length control field 260417b |||||||| |||| 00| 0 eng d
020 ## - INTERNATIONAL STANDARD BOOK NUMBER
ISBN 978-0745609232
Paper back/Hardbound PBK
082 ## - DEWEY DECIMAL CLASSIFICATION NUMBER
Classification number 300
Item number GID
100 ## - MAIN ENTRY--AUTHOR NAME
Personal name Anthony Giddens
245 ## - TITLE STATEMENT
Title The Consequences Of Modernity
260 ## - PUBLICATION, DISTRIBUTION, ETC. (IMPRINT)
Place of publication United Kingdom
Name of publisher Polity Pr
Year of publication 2 September 1991
300 ## - PHYSICAL DESCRIPTION
Number of Pages XIV 200. P
500 ## - GENERAL NOTE
General note In this major theoretical statement, the author offers a new and provocative interpretation of the institutional transformations associated with modernity. We do not as yet, he argues, live in a post-modern world. Rather the distinctive characteristics of our major social institutions in the closing period of the twentieth century express the emergence of a period of 'high modernity,' in which prior trends are radicalised rather than undermined. A post-modern social universe may eventually come into being, but this as yet lies 'on the other side' of the forms of social and cultural organization which currently dominate world history.<br/><br/>In developing an account of the nature of modernity, Giddens concentrates upon analyzing the intersections between trust and risk, and security and danger, in the modern world. Both the trust mechanisms associated with modernity and the distinctive 'risk profile' it produces, he argues, are distinctively different from those characteristic of pre-modern social orders.<br/><br/>This book build upon the author's previous theoretical writings, and will be of fundamental interest to anyone concerned with Gidden's overall project. However, the work covers issues which the author has not previously analyzed and extends the scope of his work into areas of pressing practical concern. This book will be essential reading for second year undergraduates and above in sociology, politics, philosophy, and cultural studies.
942 ## - ADDED ENTRY ELEMENTS (KOHA)
Koha item type Reference
Holdings
Withdrawn status Lost status Damaged status Not for loan Home library Current library Shelving location Date acquired Full call number Accession Number Cost, replacement price Price effective from Koha item type
        Anna Centenary Library Anna Centenary Library 3RD FLOOR, B WING 20.08.2010 300 GID 127592 2120.00 17.04.2026 Reference

Find us on the map